logo

Bir Sreshtho Munshi Abdur Rouf Library
Jhenaidah Cadet College

Agatha Christie / (Record no. 1567)

MARC details
000 -LEADER
fixed length control field 00585nam a2200229 a 4500
001 - CONTROL NUMBER
JCCL Control Number 1567
003 - CONTROL NUMBER IDENTIFIER
JCCL marc code BD-JhCC
005 - DATE AND TIME OF LATEST TRANSACTION
control field 20221110134023.0
008 - FIXED-LENGTH DATA ELEMENTS--GENERAL INFORMATION
fixed length control field 171021s1999 e ||||| |||| 00| 0 eng d
020 ## - INTERNATIONAL STANDARD BOOK NUMBER
International Standard Book Number 0006513778
035 ## - SYSTEM CONTROL NUMBER
system control number (BD-JhCC) 1567
040 ## - CATALOGING SOURCE
Original cataloging agency BD-JhCC
Modifying agency BD-JhCC
041 ## - LANGUAGE CODE
Language code of Book eng
082 ## - DEWEY DECIMAL CLASSIFICATION NUMBER
DDC Edition number 23
Classification number 823.912
Author mark and Year POI 1999
100 ## - MAIN ENTRY--PERSONAL NAME
Personal name Poirot, Hercule
245 ## - TITLE STATEMENT
Title Agatha Christie /
260 ## - PUBLICATION, DISTRIBUTION, ETC. (IMPRINT)
Place of publication, distribution, etc Londaon :
Name of publisher, distributor, etc Harper Collins Publishers,
Date of publication, distribution, etc 1999
300 ## - PHYSICAL DESCRIPTION
Pagination 864 p. :
Dimensions 21 cm
650 ## - SUBJECT ADDED ENTRY--TOPICAL TERM
Topical term or geographic name as entry element Detective and Mystery Stories, English
942 ## - ADDED ENTRY ELEMENTS (KOHA)
Source of classification or shelving scheme Dewey Decimal Classification
Koha item type Books
Koha issues (borrowed), all copies 2
Holdings
Source of classification or shelving scheme Damaged status Not for loan Home library Current library Shelving location Date of accession Total Checkouts Full call number Barcode Date last seen Date checked out Copy number Koha item type
Dewey Decimal Classification     JCC Rouf Library JCC Rouf Library General Stacks 10/21/2017 5 823.912 POI 1999 1889 05/28/2025 12/11/2024 C-1 Books

JCC Library | Contacts | JCC Home

Last Update on 23 September 2017
Copyright @ 2017-2020 JCC Rouf Library
Rouf Library, Jhenidah Cadet College (JCC), Bangladesh